000
00344nam a2200133Ia 4500
008
151001s9999||||xx |||||||||||||| ||und||
100
_a
हरीश भादानी
245
_a
मै मेरा अष्टावक्र
250
_a
1
260
_b
कलासन
260
_c
1999
300
_a
152
365
_b
21
999
_c
983336
_d
983333